[Event "Llobregat Garcia Memorial 7th"]
[Site "Llobregat"]
[Date "2016.05.28"]
[Round "8"]
[White "Fernandez Benito, Francisco Javier"]
[Black "Ysern Comas, Juan Antonio"]
[Result "1/2-1/2"]
[WhiteElo "1665"]
[BlackElo "1952"]
[PlyCount "73"]
[EventDate "2016.04.09"]
[EventType "swiss"]
[EventRounds "9"]
[EventCountry "ESP"]
[SourceTitle "EXT 2017"]
[Source "ChessBase"]
[SourceDate "2016.10.25"]
[SourceVersion "1"]
[SourceVersionDate "2016.10.25"]
[SourceQuality "1"]

1. d4 d5 2. Bf4 e6 3. e3 c5 4. c3 Nf6 5. Nf3 Qb6 6. Qc2 Nc6 7. Nbd2 Be7 8. h3 h6 9. dxc5 Bxc5 10. Bd3 0-0 11. 0-0 Re8 12. Ne5 Nxe5 13. Bxe5 Be7 14. Nf3 Bd7 15. Bd4 Qc7 16. Rad1 Bc6 17. Ne5 a6 18. Nxc6 Qxc6 19. Rfe1 Rac8 20. Qe2 Qc7 21. Bxf6 Bxf6 22. e4 dxe4 23. Qxe4 g6 24. Qf3 Bg7 25. Re4 Red8 26. Rc4 Qe7 27. Rxc8 Rxc8 28. Be4 Rc7 29. Qd3 Kh7 30. Qd6 Bf8 31. Qxe7 Bxe7 32. g4 Kg7 33. Kg2 Kf6 34. f4 b6 35. Rd3 a5 36. h4 Kg7 37. Kg3 1/2-1/2

[Event "Barcelona Catalunya op 26th"]
[Site "Barcelona"]
[Date "2014.11.22"]
[Round "8"]
[White "Atienza Roy, Jesus"]
[Black "Fernandez Benito, Francisco Javier"]
[Result "0-1"]
[WhiteElo "2066"]
[BlackElo "1852"]
[PlyCount "76"]
[EventDate "2014.09.27"]
[EventType "swiss"]
[EventRounds "9"]
[EventCountry "ESP"]
[SourceTitle "EXT 2017"]
[Source "ChessBase"]
[SourceDate "2016.10.25"]
[SourceVersion "1"]
[SourceVersionDate "2016.10.25"]
[SourceQuality "1"]

1. d4 d5 2. Nf3 Nf6 3. Bf4 e6 4. e3 Be7 5. Bd3 Nbd7 6. Nbd2 Nh5 7. Be5 Nhf6 8. 0-0 Nxe5 9. Nxe5 0-0 10. c3 Nd7 11. f4 f5 12. Qh5 Rf6 13. Qe2 Nxe5 14. fxe5 Rg6 15. Kh1 Bd7 16. Rg1 Rg4 17. h3 Rg3 18. Kh2 Bh4 19. Nf3 Be8 20. Qf2 Rxh3+ 21. gxh3 Bxf2 22. Rg2 Bxe3 23. Re1 Bf4+ 24. Kg1 Bh5 25. Kf2 Bxf3 26. Kxf3 Qh4 27. Rh1 Bh6 28. Rf2 Qf4+ 29. Kg2 Qg5+ 30. Kf1 Rf8 31. a3 Qe3 32. Bb5 c6 33. Ba4 Bf4 34. Bd1 g5 35. Kg2 Qg3+ 36. Kf1 Qh4 37. Kg2 Be3 38. Rf3 f4 0-1

[Event "Barcelona Sant Marti op-B 15th"]
[Site "Barcelona"]
[Date "2013.07.20"]
[Round "8"]
[White "Olleta Tanya, Jordi"]
[Black "Fernandez Benito, Francisco Javier"]
[Result "1/2-1/2"]
[WhiteElo "1527"]
[BlackElo "1702"]
[PlyCount "72"]
[EventDate "2013.07.13"]
[EventType "swiss"]
[EventRounds "9"]
[EventCountry "ESP"]
[SourceTitle "CBM 155 Extra"]
[Source "ChessBase"]
[SourceDate "2013.08.26"]
[SourceVersion "1"]
[SourceVersionDate "2013.08.26"]
[SourceQuality "1"]

1. Nf3 d5 2. d4 Bf5 3. Nc3 Nf6 4. h3 e6 5. Bf4 Bd6 6. Bxd6 Qxd6 7. e3 a6 8. a3 Nbd7 9. Be2 0-0 10. Nh4 Be4 11. Nxe4 Nxe4 12. 0-0 f5 13. c4 Qe7 14. Nf3 c6 15. Re1 Qf6 16. cxd5 exd5 17. Bf1 Rae8 18. Nd2 f4 19. Nxe4 Rxe4 20. f3 Rxe3 21. Rxe3 fxe3 22. Qd3 Qf4 23. Re1 Re8 24. b4 Nb6 25. Qc3 Nc4 26. Bxc4 dxc4 27. Qxc4+ Kh8 28. Re2 Rd8 29. Qd3 Rxd4 30. Qxe3 Rd1+ 31. Kf2 Qxe3+ 32. Rxe3 h6 33. g4 Rd7 34. f4 Kh7 35. Kg3 Rc7 36. Rc3 Re7 1/2-1/2

[Event "Llobregat op 3rd"]
[Site "Llobregat"]
[Date "2011.05.14"]
[Round "6"]
[White "Marina de la Torre, Ivan"]
[Black "Fernandez Benito, Francisco Javier"]
[Result "1-0"]
[WhiteElo "1911"]
[BlackElo "1713"]
[PlyCount "99"]
[EventDate "2011.04.02"]
[EventType "swiss"]
[EventRounds "7"]
[EventCountry "ESP"]
[SourceTitle "CBM 142 Extra"]
[Source "ChessBase"]
[SourceDate "2011.06.27"]
[SourceVersion "1"]
[SourceVersionDate "2011.06.27"]
[SourceQuality "1"]

1. d4 d5 2. c4 e6 3. Nc3 Nf6 4. cxd5 exd5 5. Bg5 Be7 6. e3 c6 7. Bd3 Bg4 8. f3 Bh5 9. Nge2 Bg6 10. 0-0 Qc7 11. e4 Nxe4 12. Nxe4 dxe4 13. Bf4 Bd6 14. Bxd6 Qxd6 15. fxe4 0-0 16. Rc1 Nd7 17. Bb1 Qe7 18. Nc3 Rad8 19. Qa4 a6 20. Qb3 b5 21. d5 c5 22. Rce1 Ne5 23. Ne2 Nc4 24. Qc3 Qd6 25. b3 Ne5 26. Nf4 Ng4 27. h3 Ne5 28. Nd3 Nxd3 29. Bxd3 f6 30. a4 Qb6 31. Kh1 Rfe8 32. Rf3 Re5 33. Rfe3 Rde8 34. Qd2 b4 35. R3e2 R8e7 36. Qf4 Be8 37. Bc4 Qd6 38. Re3 Kh8 39. g4 g5 40. Qf1 Bg6 41. Qf3 h6 42. Bd3 Rh7 43. Rf1 Rf7 44. Qe2 Rh7 45. Bxa6 h5 46. Bc8 hxg4 47. Bxg4 Qe7 48. Re1 Rh4 49. Kg2 Qh7 50. d6 1-0

[Event "Llobregat op 3rd"]
[Site "Llobregat"]
[Date "2011.04.16"]
[Round "3"]
[White "Fernandez Benito, Francisco Javier"]
[Black "Valbuena Castro, Gregorio"]
[Result "1-0"]
[WhiteElo "1713"]
[BlackElo "1878"]
[PlyCount "95"]
[EventDate "2011.04.02"]
[EventType "swiss"]
[EventRounds "7"]
[EventCountry "ESP"]
[SourceTitle "CBM 142 Extra"]
[Source "ChessBase"]
[SourceDate "2011.06.27"]
[SourceVersion "1"]
[SourceVersionDate "2011.06.27"]
[SourceQuality "1"]

1. d4 Nf6 2. Nf3 g6 3. Bf4 Bg7 4. e3 0-0 5. Nbd2 d6 6. Bd3 Nh5 7. Bg3 Nc6 8. c3 e5 9. d5 Ne7 10. Bh4 f5 11. Bc4 Kh8 12. Qe2 a6 13. a4 Bd7 14. 0-0 Qe8 15. Rfe1 Nf6 16. Bxf6 Bxf6 17. Bb3 b5 18. axb5 axb5 19. e4 fxe4 20. Nxe4 Bg7 21. Nfg5 Qc8 22. Ne6 Bxe6 23. dxe6 Qb7 24. Ng5 b4 25. Rac1 bxc3 26. Rxc3 Rf5 27. Nf7+ Kg8 28. h4 Nd5 29. Rg3 Nf4 30. Qe3 d5 31. Ng5 Rb8 32. Bc2 e4 33. Ba4 h6 34. Nf7 Qxb2 35. Bd7 Rxf7 36. exf7+ Kxf7 37. Qxf4+ Bf6 38. Qxc7 Rb7 39. Qc6 Kg7 40. h5 g5 41. Qxd5 Be5 42. Rxe4 Qa1+ 43. Kh2 Bxg3+ 44. Kxg3 Qb2 45. Re7+ Kh8 46. Re8+ Kg7 47. Rg8+ Kf6 48. Qe6# 1-0

[Event "Llobregat op 3rd"]
[Site "Llobregat"]
[Date "2011.04.09"]
[Round "2"]
[White "Flores Linan, Josep Luis"]
[Black "Fernandez Benito, Francisco Javier"]
[Result "1-0"]
[WhiteElo "1898"]
[BlackElo "1713"]
[PlyCount "75"]
[EventDate "2011.04.02"]
[EventType "swiss"]
[EventRounds "7"]
[EventCountry "ESP"]
[SourceTitle "CBM 142 Extra"]
[Source "ChessBase"]
[SourceDate "2011.06.27"]
[SourceVersion "1"]
[SourceVersionDate "2011.06.27"]
[SourceQuality "1"]

1. d4 f5 2. c4 Nf6 3. Nc3 g6 4. g3 Bg7 5. Bg2 c6 6. Nf3 d6 7. 0-0 Qc7 8. Bg5 Nbd7 9. Qd2 h6 10. Bf4 g5 11. Be3 e5 12. dxe5 dxe5 13. Qc2 Nf8 14. Rad1 g4 15. Nh4 e4 16. Rd2 Be6 17. Rfd1 Kf7 18. f3 gxf3 19. exf3 Nh5 20. fxe4 fxe4 21. Bxe4 Nxg3 22. hxg3 Qxg3+ 23. Ng2 Be5 24. Rf2+ Ke8 25. Bf4 Bxf4 26. Rxf4 Rg8 27. Qf2 Qg5 28. Bf5 Bxc4 29. Rxc4 Rg7 30. Re4+ Re7 31. Rxe7+ Kxe7 32. Qe3+ Kf7 33. Qxg5 hxg5 34. Kf2 Re8 35. Ne3 Re5 36. Rd6 Ke7 37. Rh6 a6 38. Ne4 1-0